00359nam a2200133Ia 4500001000400000008004100004020002200045082002000067100002300087245004700110260002500157901002800182999001500210662241024s9999 xx 000 0 und d a978-99934-42-87-5 aRD/861.44/G643e aAlejandro Gonzalez 0aEsta ciudad ha sido tomada por las piedras bEd. Ferilibrosc2008 a24/11/2010 2:28:27 p.m. c7890d7890